John the Baptist. (Record no. 3454)

000 -LEADER
fixed length control field 00663nam a2200205 a 4500
001 - CONTROL NUMBER
control field :::00001185$&:&@@
003 - CONTROL NUMBER IDENTIFIER
control field OkBaRHE
005 - DATE AND TIME OF LATEST TRANSACTION
control field 20000607103242.0
008 - FIXED-LENGTH DATA ELEMENTS--GENERAL INFORMATION
fixed length control field s1985 j 000 0 eng u
040 ## - CATALOGING SOURCE
Transcribing agency
100 1# - MAIN ENTRY--PERSONAL NAME
Personal name Mackenzie, Carine.
245 10 - TITLE STATEMENT
Title John the Baptist.
260 ## - PUBLICATION, DISTRIBUTION, ETC. (IMPRINT)
Place of publication, distribution, etc Ross-shire, UK:ST., :
Name of publisher, distributor, etc Christian Focus Publications
Date of publication, distribution, etc c1985
300 ## - PHYSICAL DESCRIPTION
Extent 31 p. : illus. ;
Dimensions 21 cm.
650 ## - SUBJECT ADDED ENTRY--TOPICAL TERM
Topical term or geographic name as entry element Bible Stories
650 ## - SUBJECT ADDED ENTRY--TOPICAL TERM
Topical term or geographic name as entry element Children's Stories
650 ## - SUBJECT ADDED ENTRY--TOPICAL TERM
Topical term or geographic name as entry element John, the Baptist
942 ## - ADDED ENTRY ELEMENTS (KOHA)
Source of classification or shelving scheme
Koha item type Books
Copies
Lost status Full call number Permanent Location Withdrawn status Damaged status Date checked out Current Location Not for loan Source of classification or shelving scheme Total Checkouts Date last seen Koha item type Price effective from Copy number Date acquired Shelving location Barcode
 BS 551.2 .M3J6RHEMA Bible Training College  2010-05-05RHEMA Bible Training College  12018-02-20Books2010-04-1412010-04-14General Stacks1185